Movies Quiz

Random Movies or Cast Quiz

Alternative Avengers Quiz Stats

Quiz not verified by Sporcle

Challenge
Share
Tweet
Score 0/24 Timer 05:00
0 Plays Today
% Correct
Rush
74.7%
Godzilla
60%
Scott Pilgrim vs. The World
57.9%
The Martian
50.5%
The Other Guys
47.4%
Sky Captain and the World of Tomorrow
42.1%
Zodiac
40%
Prometheus
37.9%
Due Date
36.8%
Forgetting Sarah Marshall
34.7%
The Adjustment Bureau
34.7%
Mortdecai
33.7%
% Correct
Under the Skin
32.6%
Get On Up
30.5%
Delivery Man
28.4%
Much Ado About Nothing
26.3%
Secretary
24.2%
Cinderella
23.2%
The Girl with the Dragon Tattoo
22.1%
28 Weeks Later
17.9%
The Impossible
17.9%
Nowhere Boy
15.8%
Swordfish
14.7%
High-Rise
10.5%

You're not logged in!

Compare scores with friends on all Sporcle quizzes.
Sign Up with Email
OR
Log In

You Might Also Like...

Show Comments

Extras

Top Quizzes Today


Score Distribution

Your Account Isn't Verified!

In order to create a playlist on Sporcle, you need to verify the email address you used during registration. Go to your Sporcle Settings to finish the process.

Report this User

Report this user for behavior that violates our Community Guidelines.

Details: